Mao's China : a history of the People's Republic /

Bibliographic Details
Main Author: Meisner, Maurice J., 1931-
Format: Book
Language:English
Published: New York : Free Press, [1977]
Series:Transformation of modern China series.
Subjects:

MARC

Tag First Indicator Second Indicator Subfields
LEADER 00000cam a2200000 i 4500
001 in00000367142
005 20151011074703.0
008 770913s1977 nyu b 00110 eng
010 |a  76051566  
020 |a 0029208203 :  |c $17.95 
035 |a (OCoLC)03312376 
035 |9 ABP5359AM 
040 |a DLC  |c DLC  |d OCL  |d TXA  |d UtOrBLW 
043 |a a-cc--- 
049 |a TXAM  |c [1437048] 
050 0 0 |a DS777.55  |b .M455 1977 
082 0 |a 951.05 
100 1 |a Meisner, Maurice J.,  |d 1931- 
245 1 0 |a Mao's China :  |b a history of the People's Republic /  |c Maurice Meisner. 
264 1 |a New York :  |b Free Press,  |c [1977] 
264 4 |c ©1977 
300 |a xiv, 416 pages ;  |c 24 cm. 
336 |a text  |b txt  |2 rdacontent 
337 |a unmediated  |b n  |2 rdamedia 
338 |a volume  |b nc  |2 rdacarrier 
490 1 |a The Transformation of modern China series 
500 |a Includes index. 
504 |a Bibliography: pages 390-398. 
651 0 |a China  |x History  |y 1949-1976. 
830 0 |a Transformation of modern China series. 
999 |a MARS 
999 f f |s 19595e0b-24ba-3721-a6f4-6dec5608c789  |i 8e6bcfb7-c34b-34e5-b9ae-01373a9cea4c  |t 0 
952 f f |p ric  |a Texas A&M University  |b Rellis Campus  |c Joint Library Facility  |d Remote Storage  |t 0  |e DS777.55 .M455 1977  |h Library of Congress classification  |i unmediated -- volume  |m A14802073585 
998 f f |a DS777.55 .M455 1977  |t 0  |l Remote Storage